Know-how transfers trough employee training: cases of natural resources industries
Na minha lista:
| Main Authors: | , |
|---|---|
| Formato: | Livro |
| Idioma: | inglês |
| Publicado em: |
Nueva York
Fund for Multinational Management Education
1977
|
| Assuntos: | |
| Tags: |
Adicionar Tag
Sem tags, seja o primeiro a adicionar uma tag!
|
MARC
| LEADER | 00000nam a2200000 a 4500 | ||
|---|---|---|---|
| 001 | UCV3730 | ||
| 003 | CL-VaPUC | ||
| 008 | 910813e19770000US |||||||||||||||||eng|d | ||
| 082 | 0 | 4 | |a 658.3124 |b MIK |2 21 |
| 100 | |a Mikesell, Raymond Frech |e autor |9 298050 | ||
| 700 | 0 | |a Conant, Eaton H |e author |9 298051 | |
| 245 | 1 | 0 | |a Know-how transfers trough employee training: cases of natural resources industries |
| 300 | |a 60 p | ||
| 942 | |c BK | ||
| 945 | |d 19910813 00:00:00 | ||
| 260 | |a Nueva York |b Fund for Multinational Management Education |c 1977 | ||
| 650 | 0 | |a Adiestramiento ocupacional |9 259658 | |
| 650 | 0 | |a Transferencia de tecnología |9 259659 | |
| 583 | |a last modification |c 19910813 00:00:00 |k Rodrigo Vera | ||
| 999 | |c 210868 |d 210866 | ||
| 952 | |0 0 |1 0 |4 0 |6 658_312400000000000_MIK_1977 |7 0 |8 A |9 187808 |a BIBALI |b BIBALI |c GEN |d 2019-11-14 |i 2553333 |o 658.3124 MIK 1977 |p 2553333 |r 2025-01-20 |w 2019-11-14 |y BK |k ALI | ||